000 00716nas a2200241 4500
001 BR0705149
003 BR-BrBNA
005 20231205111209.0
007 ta
008 230509b bl.|||p| |||| 00| 00por d
040 _aBR-BrBNA
_bpor
_cBiblioteca Nacional de Agricultura
041 _a(Pt)
072 _aF01
100 1 _aSakai, E.
111 1 _dCultivo de antúrio: uma experiência no Vale do Ribeiro
650 _aMANEJO
650 _aPRATICA CULTURAL
650 _aANTÚRIO
650 _aVALE DO RIBEIRO
773 0 _tRevista Brasileira de Horticultura Ornamental (Brazil)
_xISSN 1414-039X
_g(2004), v. 10(1-2) p. 27-34
_wBR0705149
909 _a202311
_bLúcia
_c55
_dLúcia Elande
942 _2AGRIS
_n0
_cANA
999 _c191279
_d191279